Normal view
MARC view
- Brennan L & Block D
Entry Personal Name
001 - CONTROL NUMBER
- control field: 108547
003 - CONTROL NUMBER IDENTIFIER
- control field: OSt
005 - DATE AND TIME OF LATEST TRANSACTION
- control field: 20230125043328.0
008 - FIXED-LENGTH DATA ELEMENTS
- fixed length control field: 230125|| aca||aabn | a|a d
040 ## - CATALOGING SOURCE
- Original cataloging agency: OSt
- Transcribing agency: OSt
100 ## - HEADING--PERSONAL NAME
- Personal name: Brennan L & Block D
670 ## - SOURCE DATA FOUND
- Source citation: Work cat.: (OSt)85352: Brennan L 108546, Complete book of business etiquette, 1996